Nava Yuga bhasha nighantu. 2 V (Record no. 19778)

MARC details
000 -LEADER
fixed length control field 00289nam a2200109Ia 4500
082 ## - DEWEY DECIMAL CLASSIFICATION NUMBER
Classification number 030=573.14
Item number NAR.1-2
100 ## - MAIN ENTRY--AUTHOR NAME
Personal name Narayana Panikkar, R
245 #0 - TITLE STATEMENT
Title Nava Yuga bhasha nighantu. 2 V
260 ## - PUBLICATION, DISTRIBUTION, ETC. (IMPRINT)
Place of publication Trivandrum
Name of publisher Reddiar press
942 ## - ADDED ENTRY ELEMENTS (KOHA)
Koha item type Books
Holdings
Withdrawn status Lost status Damaged status Not for loan Home library Current library Date acquired Full call number Accession Number Koha item type
        RRII Library RRII Library 16/12/2021 030=573.14 NAR.1-2 00508 Books